The new stamping ground (Record no. 60287)
[ view plain ]
| 000 -LEADER | |
|---|---|
| fixed length control field | 00622cam a2200193 4500 |
| 001 - CONTROL NUMBER | |
| control field | ABS61465 |
| 008 - FIXED-LENGTH DATA ELEMENTS--GENERAL INFORMATION | |
| fixed length control field | 000000n1999 000 0 eng u |
| 035 ## - SYSTEM CONTROL NUMBER | |
| System control number | (Sirsi) u101042 |
| 100 ## - MAIN ENTRY--PERSONAL NAME | |
| Personal name | Woolich, R. |
| 245 #4 - TITLE STATEMENT | |
| Title | The new stamping ground |
| 260 ## - PUBLICATION, DISTRIBUTION, ETC. | |
| Date of publication, distribution, etc. | 1999 |
| 490 ## - SERIES STATEMENT | |
| Series statement | Property Week |
| Volume/sequential designation | 15 October 1999, 72(1) |
| 520 ## - SUMMARY, ETC. | |
| Summary, etc. | Warns that the latest changes to stamp duty could result in large interest payments for property investors and developers who fail to pay the correct amount of duty within thirty days. |
| 590 ## - LOCAL NOTE (RLIN) | |
| Local note | ABS |
| 650 ## - SUBJECT ADDED ENTRY--TOPICAL TERM | |
| Topical term or geographic name entry element | STAMP DUTY |
| 650 ## - SUBJECT ADDED ENTRY--TOPICAL TERM | |
| Topical term or geographic name entry element | PENALTIES |
| 690 ## - LOCAL SUBJECT ADDED ENTRY--TOPICAL TERM (OCLC, RLIN) | |
| Topical term or geographic name as entry element | TAXATION |
| 942 ## - ADDED ENTRY ELEMENTS (KOHA) | |
| Suppress in OPAC | 0 |
| Withdrawn status | Lost status | Source of classification or shelving scheme | Damaged status | Not for loan | Home library | Current library | Shelving location | Date acquired | Total Checkouts | Full call number | Barcode | Date last seen | Copy number | Price effective from | Koha item type |
|---|---|---|---|---|---|---|---|---|---|---|---|---|---|---|---|
| Dewey Decimal Classification | London | London | Journal article | 28/10/1999 | ABS61465 | 101042-1001 | 06/08/2019 | 1 | 06/08/2019 | Journal article |